Sermones del P. Carlos Frey de Neuville, predicador de Luis XV. Rey de Francia

Detalles Bibliográficos
Autor principal: Frey de Neuville, Charles 1693-1774
Otros Autores: Pellicer, Juan Antonio (tr.)
Formato: Libro
Lenguaje:Spanish
Publicado: en Madrid 1784
Materias:
Colección:Banco de datos
Acervo:Biblioteca de la Congregación del Oratorio de San Felipe Neri de México. Iglesia La Profesa
Descripción Física:8 t. 4°
Tema general:Homilética
Notas:Portada tipográfica con pleca en grabado xilográfico. Texto a renglón seguido con notas a pie de página. Tomo con portada y numeración propias. Año del t. 3 publicado en 1784. Paginación: t. 3 [1] h., 554 p. Encuadernación en pergamino sobre cartón. Sello en tinta del Oratorio de San Felipe Neri de México. Biblioteca La Profesa, D.F. Daños en la encuadernación
LEADER 01155nam a22002050004500
035 |a 902 
041 0 |a spa 
100 1 |a Frey de Neuville, Charles  |d 1693-1774 
245 1 0 |a Sermones del P. Carlos Frey de Neuville, predicador de Luis XV. Rey de Francia  |c traducidos del frances por D. Juan Antonio Pellicer, de la Real Biblioteca 
260 |a en Madrid  |b por Andres Ramirez, impresor de la Real Biblioteca  |c 1784 
300 |a 8 t.  |c 4° 
500 |a Portada tipográfica con pleca en grabado xilográfico. Texto a renglón seguido con notas a pie de página. Tomo con portada y numeración propias. Año del t. 3 publicado en 1784. Paginación: t. 3 [1] h., 554 p. Encuadernación en pergamino sobre cartón. Sello en tinta del Oratorio de San Felipe Neri de México. Biblioteca La Profesa, D.F. Daños en la encuadernación 
505 0 0 |a t. 3 Quaresma 
504 |a Índice de contenido  
650 1 0 |a Homilética 
700 1 |a Pellicer, Juan Antonio  |e tr. 
949 |a Iglesia La Profesa, Biblioteca t. 3 (1171) 
942 |c PROFESA 
943 |g Biblioteca de la Congregación del Oratorio de San Felipe Neri de México. Iglesia La Profesa 
999 |c 947713  |d 947713